Kutayarisha bajeti kwa mtazamo wa kijinsia.
On preparing gender sensitive budgets.
Saved in:
| Corporate Author: | |
|---|---|
| Format: | Book |
| Language: | Swahili |
| Published: |
Dar es Salaam, Tanzania :
Mtandao wa Jinsia Tanzania,
c2000.
|
| Subjects: | |
| Tags: |
Add Tag
No Tags, Be the first to tag this record!
|
| LEADER | 00819aam a2200277 a 4500 | ||
|---|---|---|---|
| 001 | 009587713-4 | ||
| 005 | 20050324134631.0 | ||
| 008 | 040603s2000 tz a f000 0 swa | ||
| 010 | |a 2004410154 | ||
| 020 | |a 998760014X | ||
| 035 | 0 | |a ocm56319505 | |
| 040 | |a DLC |c DLC | ||
| 042 | |a lcode | ||
| 043 | |a f-tz--- | ||
| 050 | 0 | 0 | |a HJ2180.9 |b .K87 2000 |
| 245 | 0 | 0 | |a Kutayarisha bajeti kwa mtazamo wa kijinsia. |
| 260 | |a Dar es Salaam, Tanzania : |b Mtandao wa Jinsia Tanzania, |c c2000. | ||
| 300 | |a viii, 58 p. : |b ill. (some col.) ; |c 21 cm. | ||
| 546 | |a In Swahili. | ||
| 520 | |a On preparing gender sensitive budgets. | ||
| 650 | 0 | |a Budget |x Social aspects |z Tanzania. | |
| 650 | 0 | |a Sex discrimination |z Tanzania. | |
| 710 | 2 | |a Tanzania Gender Networking Programme. | |
| 988 | |a 20050324 | ||
| 049 | |a HLSS | ||
| 906 | |0 DLC | ||


